1715 1779 1776 1605 1758 1234 1448 1643 1202 1188 1639 1708 1613 1571 1891 1224 1741 1720 1486 1203 1074 1106 1140 1231 1313 1334 1922 1149 1793 1079 1294 1288 1307 1551 1332 1037 1191 1930 1894 1676 1581 1159 1052 1037 1029 1529 1420 1358 1824 1521 1663 1562 1703 1186 1653 1803 1872 1737 1271 1770 1892 1625 1114 1038 1891 1093 1118 1408 1147 1416 1456 1034 1181 1253 1546 1754 1321 1749 1360 1374 1347 1805 1124 1285 1807 1072 1921 1591 1879 1555 1867 1862 1686 1624 1397 1297 1467 1209 1314 BCNSPRNW ULIB Ver.6.0+V

เปลี่ยนเป็นภาษาไทย

Change to English
 แสดงรายละเอียดบรรณานุกรม
  กลับหน้าหลัก

Brief Record : Get Marc (ISO 2709) : E-mail record : QR code < ปิดหน้าต่าง
LEADER : 00000nam 2200000uu 4500
001    13399111271
003     ULIB
008    110621s2000||||th 000 0 eng d
020    0781725917
020    078172404X
020    9780781724043
060 04 WQ18.2^bM294 2000
245 00 Manual of obstetrics /^cedited by Arthur T. Evans, KennethR. Niswander
250    6th ed.
260    Philadelphia :^bLippincott Williams & Wilkins,^c2000
300    xiii, 540 p. ;^c21 cm.
504    Includes bibliographical references
650  2 Contraception^xoutlines
650  2 Obstetrics^xoutlines
650  2 Perinatology^xoutlines
650  2 Pregnancy Complications^voutlines
700 1  Evans, Arthur T.,^eed
700 1  Niswander, Kenneth R.,^d1924- ,^eed.
945    ^p0^l0^i014921
995    Kesorn
999 ^a ใช้งานได้ทุกระบบ
รายการนี้ยังไม่มีแท็ก
คุณยังไม่ได้ล็อกอิน คุณสามารถมีกิจกรรมร่วมกับเว็บไซต์ได้ แต่ต้องล็อกอินก่อน ::
  ล็อกอิน

รายการสื่อสารสนเทศ

ลำดับที่ ประเภท เลขเรียก/บาร์โค้ด สถานที่ สถานะ
- ไม่พบข้อมูล -

BibComment


ยังไม่เคยถูกคอมเมนท์

คอมเมนท์ทรัพยากรรายการนี้
  คอมเมนท์: Manual of obstetr..


 Copyright 2026. Bcnsprnw @Library